Desvíos /

Bibliographic Details
Main Author: Crevel, René, 1900-1935
Other Authors: Pau, Andrés
Format: Electronic eBook
Language:Spanish
French
Published: Valencia [Spain] : El Nadir Ediciones, 2008.
Edition:1. ed.
Series:Narrativas el Nadir ; 23.
Subjects:
Online Access:Digitalia Hispánica

MARC

LEADER 00000nam a2200000Ii 4500
001 DIGNADIR0323
003 NyNyDIG
006 m o d
007 cr |||||||||||
008 130101s2008 sp ob 000 1 spa d
020 |z 8493560138  
020 |z 9788493560133 
035 |a (OCoLC)888273200 
040 |a DGITA  |b eng  |e pn  |c DGITA 
041 1 |a spa  |h fre 
050 1 4 |a PQ2605R47 eBook 
100 1 |a Crevel, René,  |d 1900-1935.  
240 1 0 |a Détours.  |l Spanish 
245 1 0 |a Desvíos /  |c René Crevel ; traducido por Andrés Pau. 
250 |a 1. ed. 
264 1 |a Valencia [Spain] :  |b El Nadir Ediciones,  |c 2008.  
300 |a 1 online resource (102 pages) 
336 |a text  |b txt  |2 rdacontent 
337 |a computer  |b c  |2 rdamedia 
338 |a online resource  |b cr  |2 rdacarrier 
490 1 |a Narrativas el Nadir ;  |v 23. 
500 |a Translation of: René Creve. Paris : Éditions de la Nouvelle Revue Francaise, 1924. 
655 0 |a Electronic books. 
700 1 |a Pau, Andrés. 
791 2 |a Digitalia (Firm),  |e distributor. 
830 0 |a Narrativas el Nadir ;  |v 23. 
793 0 |g Digitalia eBook Collection:  |a El Nadir Ediciones. 
856 4 0 |3 Digitalia Hispánica  |u https://www.digitaliapublishing.com/a/1510/ 
910 |a Premium Collection: 2007-2012